MJF AEW World Championship Defenses - Statistics

General Stats
  • This quiz has been taken 81 times
  • The average score is 10 of 13
Answer Stats
Event Wrestler % Correct
Full Gear 2022 Jon Moxley
92%
AEW All In 2023 Adam Cole
91%
Revolution 2023 Bryan Danielson
89%
AEW Dynamite Samoa Joe
89%
Double or Nothing 2023 Darby Allin
85%
Double or Nothing 2023 Jack Perry
84%
AEW Collision Kenny Omega
80%
Double or Nothing 2023 Sammy Guevara
77%
AEW Collision Ethan Page
69%
Full Gear 2023 Jay White
69%
Forbidden Door 2023 Hiroshi Tanahashi
65%
AEW Dynamite Ricky Starks
55%
AEW Dynamite Daniel Garcia
39%
No matching quizzes found
Score Distribution
Percent of People with Each Score
Percentile by Number Answered
Your Score History
You have not taken this quiz